LEADER 01257nam--2200409---450- 001 990001312110203316 005 20051010105431.0 010 $a88-13-19922-8 035 $a000131211 035 $aUSA01000131211 035 $a(ALEPH)000131211USA01 035 $a000131211 100 $a20031219d1996----km-y0itay0103----ba 101 0 $aita 102 $aIT 105 $a||||||||001yy 200 1 $a<> pensiero formale nell'adolescente$estudio metrico della scala ECDL di Longeot-Hornemann$fLaura Picone 210 $aPadova$cCEDAM$d1996 215 $aVII, 147 p$d24 cm 225 2 $aProgressi in psicologia$v3 410 0$12001$aProgressi in psicologia$v3 454 1$12001 461 1$1001-------$12001 606 0 $aFanciulli$xSviluppo mentale 676 $a155.413 700 1$aPICONE,$bLaura$0557535 801 0$aIT$bsalbc$gISBD 912 $a990001312110203316 951 $aII.3. 1067(VI Ps B Coll 156 3)$b134035 L.M.$cVI Ps 959 $aBK 969 $aUMA 979 $aSIAV2$b10$c20031219$lUSA01$h1606 979 $aPATRY$b90$c20040406$lUSA01$h1733 979 $aCOPAT5$b90$c20051010$lUSA01$h1054 979 $aPATRY$b90$c20070710$lUSA01$h1022 996 $aPensiero formale nell'adolescente$9928877 997 $aUNISA LEADER 06516nam 22008052 450 001 9910789316403321 005 20151005020622.0 010 $a1-107-23354-2 010 $a1-68015-991-7 010 $a1-107-33627-9 010 $a1-139-01659-8 010 $a1-107-33295-8 010 $a1-107-33227-3 010 $a1-107-33461-6 010 $a1-299-40321-2 010 $a1-107-33544-2 035 $a(CKB)3460000000128972 035 $a(EBL)1139558 035 $a(OCoLC)839386877 035 $a(SSID)ssj0000834720 035 $a(PQKBManifestationID)11509350 035 $a(PQKBTitleCode)TC0000834720 035 $a(PQKBWorkID)10982045 035 $a(PQKB)11487524 035 $a(UkCbUP)CR9781139016599 035 $a(MiAaPQ)EBC1139558 035 $a(Au-PeEL)EBL1139558 035 $a(CaPaEBR)ebr10687773 035 $a(CaONFJC)MIL471571 035 $a(PPN)196309751 035 $a(EXLCZ)993460000000128972 100 $a20110215d2013|||| uy| 0 101 0 $aeng 135 $aur||||||||||| 181 $ctxt$2rdacontent 182 $cc$2rdamedia 183 $acr$2rdacarrier 200 10$aComputational models for polydisperse particulate and multiphase systems /$fDaniele L. Marchisio, Rodney O. Fox$b[electronic resource] 210 1$aCambridge :$cCambridge University Press,$d2013. 215 $a1 online resource (xxxviii, 508 pages) $cdigital, PDF file(s) 225 1 $aCambridge series in chemical engineering 300 $aTitle from publisher's bibliographic system (viewed on 05 Oct 2015). 311 $a0-521-85848-8 311 $a1-107-32651-6 327 $a""Cover""; ""Contents""; ""Preface""; ""Notation""; ""1 Introduction""; ""1.1 Disperse multiphase flows""; ""1.2 Two example systems""; ""1.2.1 The population-balance equation for fine particles""; ""1.2.2 The kinetic equation for gas--particle flow""; ""1.3 The mesoscale modeling approach""; ""1.3.1 Relation to microscale models""; ""1.3.2 Number-density functions""; ""1.3.3 The kinetic equation for the disperse phase""; ""1.3.4 Closure at the mesoscale level""; ""1.3.5 Relation to macroscale models""; ""1.4 Closure methods for moment-transport equations""; ""1.4.1 Hydrodynamic models"" 327 $a""1.4.2 Moment methods""""1.5 A road map to Chapters 2--8""; ""2 Mesoscale description of polydisperse systems""; ""2.1 Number-density functions (NDF)""; ""2.1.1 Length-based NDF""; ""2.1.2 Volume-based NDF""; ""2.1.3 Mass-based NDF""; ""2.1.4 Velocity-based NDF""; ""2.2 The NDF transport equation""; ""2.2.1 The population-balance equation (PBE)""; ""2.2.2 The generalized population-balance equation (GPBE)""; ""2.2.3 The closure problem""; ""2.3 Moment-transport equations""; ""2.3.1 Moment-transport equations for a PBE""; ""2.3.2 Moment-transport equations for a GPBE"" 327 $a""2.4 Flow regimes for the PBE""""2.4.1 Laminar PBE""; ""2.4.2 Turbulent PBE""; ""2.5 The moment-closure problem""; ""3 Quadrature-based moment methods""; ""3.1 Univariate distributions""; ""3.1.1 Gaussian quadrature""; ""3.1.2 The product--difference (PD) algorithm""; ""3.1.3 The Wheeler algorithm""; ""3.1.4 Consistency of a moment set""; ""3.2 Multivariate distributions""; ""3.2.1 Brute-force QMOM""; ""3.2.2 Tensor-product QMOM""; ""3.2.3 Conditional QMOM""; ""3.3 The extended quadrature method of moments (EQMOM)""; ""3.3.1 Relationship to orthogonal polynomials"" 327 $a""3.3.2 Univariate EQMOM""""3.3.3 Evaluation of integrals with the EQMOM""; ""3.3.4 Multivariate EQMOM""; ""3.4 The direct quadrature method of moments (DQMOM)""; ""4 The generalized population-balance equation""; ""4.1 Particle-based definition of the NDF""; ""4.1.1 Definition of the NDF for granular systems""; ""4.1.2 NDF estimation methods""; ""4.1.3 Definition of the NDF for fluid--particle systems""; ""4.2 From the multi-particle--fluid joint PDF to the GPBE""; ""4.2.1 The transport equation for the multi-particle joint PDF"" 327 $a""4.2.2 The transport equation for the single-particle joint PDF""""4.2.3 The transport equation for the NDF""; ""4.2.4 The closure problem""; ""4.3 Moment-transport equations""; ""4.3.1 A few words about phase-space integration""; ""4.3.2 Disperse-phase number transport""; ""4.3.3 Disperse-phase volume transport""; ""4.3.4 Fluid-phase volume transport""; ""4.3.5 Disperse-phase mass transport""; ""4.3.6 Fluid-phase mass transport""; ""4.3.7 Disperse-phase momentum transport""; ""4.3.8 Fluid-phase momentum transport""; ""4.3.9 Higher-order moment transport"" 327 $a""4.4 Moment closures for the GPBE"" 330 $aProviding a clear description of the theory of polydisperse multiphase flows, with emphasis on the mesoscale modelling approach and its relationship with microscale and macroscale models, this all-inclusive introduction is ideal whether you are working in industry or academia. Theory is linked to practice through discussions of key real-world cases (particle/droplet/bubble coalescence, break-up, nucleation, advection and diffusion and physical- and phase-space), providing valuable experience in simulating systems that can be applied to your own applications. Practical cases of QMOM, DQMOM, CQMOM, EQMOM and ECQMOM are also discussed and compared, as are realizable finite-volume methods. This provides the tools you need to use quadrature-based moment methods, choose from the many available options, and design high-order numerical methods that guarantee realizable moment sets. In addition to the numerous practical examples, MATLAB scripts for several algorithms are also provided, so you can apply the methods described to practical problems straight away. 410 0$aCambridge series in chemical engineering. 517 3 $aComputational Models for Polydisperse Particulate & Multiphase Systems 606 $aMultiphase flow$xMathematical models 606 $aChemical reactions$xMathematical models 606 $aTransport theory 606 $aDispersion$xMathematical models 615 0$aMultiphase flow$xMathematical models. 615 0$aChemical reactions$xMathematical models. 615 0$aTransport theory. 615 0$aDispersion$xMathematical models. 676 $a532/.56 700 $aMarchisio$b Daniele L.$01513303 702 $aFox$b Rodney O.$f1959- 801 0$bUkCbUP 801 1$bUkCbUP 906 $aBOOK 912 $a9910789316403321 996 $aComputational models for polydisperse particulate and multiphase systems$93747669 997 $aUNINA LEADER 02891nam 2200649Ia 450 001 9910784942803321 005 20230725023816.0 010 $a1-315-61566-5 010 $a1-317-03535-6 010 $a1-317-03534-8 010 $a1-282-65774-7 010 $a9786612657740 010 $a1-4094-1047-1 035 $a(CKB)2670000000032670 035 $a(EBL)554569 035 $a(OCoLC)652653763 035 $a(SSID)ssj0000435605 035 $a(PQKBManifestationID)11298656 035 $a(PQKBTitleCode)TC0000435605 035 $a(PQKBWorkID)10427075 035 $a(PQKB)10403031 035 $a(Au-PeEL)EBL554569 035 $a(CaPaEBR)ebr10400549 035 $a(CaONFJC)MIL265774 035 $a(MiAaPQ)EBC554569 035 $a(EXLCZ)992670000000032670 100 $a20100426d2010 uy 0 101 0 $aeng 135 $aurmn#---||||| 181 $ctxt$2rdacontent 182 $cc$2rdamedia 183 $acr$2rdacarrier 200 14$aThe dominance of management$b[electronic resource] $ea participatory critique /$fby Leonard Holmes 210 $aBurlington, VT. $cAshgate$d2010 215 $a1 online resource (215 pages) $cillustrations 225 1 $aVoices in development management 300 $aDescription based upon print version of record. 311 $a0-7546-1184-1 320 $aIncludes bibliographical references and index. 327 $aManagement: the emergence of a dominating paradigm -- The nature of management -- Radical organization theory and research -- Management and the labour process -- Management and class analysis -- The capitalist state and management -- Popular planning in modern London: a context of disparities -- Processes of domination in the management of a job creation scheme -- Community initiative or state enterprise? -- Setting up Stonebridge -- Who managed the Charlton Training Centre? -- Attempting democratic organization: tensions and contradictions -- Beyond the dominance of management. 330 $aOffers a controversial reanalysis of the rise and dominance of managerialist approaches to development by using two British inner-city community development projects as case studies to shows how 'managed development' runs counter to participatory values and aspirations of communities receiving development aid. 410 0$aVoices in development management. 606 $aManagement$xResearch$zGreat Britain 606 $aManagement$zEngland$zLondon$vCase studies 606 $aCommunity development$zEngland$zLondon$vCase studies 615 0$aManagement$xResearch 615 0$aManagement 615 0$aCommunity development 676 $a302.3/5 700 $aHolmes$b Leonard$01520516 801 0$bMiAaPQ 801 1$bMiAaPQ 801 2$bMiAaPQ 906 $aBOOK 912 $a9910784942803321 996 $aThe dominance of management$93759131 997 $aUNINA LEADER 05006nam 22007575 450 001 9910746957503321 005 20231001033222.0 010 $a3-031-34769-2 024 7 $a10.1007/978-3-031-34769-6 035 $a(MiAaPQ)EBC30765526 035 $a(Au-PeEL)EBL30765526 035 $a(DE-He213)978-3-031-34769-6 035 $a(PPN)272917869 035 $a(CKB)28444087600041 035 $a(EXLCZ)9928444087600041 100 $a20231001d2023 u| 0 101 0 $aeng 135 $aurcnu|||||||| 181 $ctxt$2rdacontent 182 $cc$2rdamedia 183 $acr$2rdacarrier 200 10$aEffects of Opera Music from Brain to Body $eA Matter of Wellbeing /$fedited by Lorenzo Lorusso, Michele Augusto Riva, Vittorio Alessandro Sironi 205 $a1st ed. 2023. 210 1$aCham :$cSpringer International Publishing :$cImprint: Springer,$d2023. 215 $a1 online resource (0 pages) 225 1 $aNeurocultural Health and Wellbeing,$x2731-4472 311 08$aPrint version: Lorusso, Lorenzo Effects of Opera Music from Brain to Body Cham : Springer International Publishing AG,c2023 9783031347689 320 $aIncludes bibliographical references. 327 $aPart I. A Medical Look at Opera -- Chapter 1. Pathology and Lirics: Diseases and Illness in the Opera -- Chapter 2. Physicians, Charlatans, Healers and Aphotecaries in Opera -- Chapter 3. Caring Through Music: Music Therapy and Opera Therapy -- Part II. Relationship Between Music and the Brain -- Chapter 4. ?Va Sossopra il Mio Cervello? (It Goes over My Brain): Neurology and Psychiatry in the Opera -- Chapter 5. Neuro-Musicology of Opera -- Chapter 6. The Singing Brain: Words and Music in the Opera -- Part III. Diseases that Affect Workers in the Opera World -- Chapter 7. Work and Disease in Italian Operas -- Chapter 8. Operatic Inspiration, Genius and Madness -- Chapter 9. Playing and Singing: A Demanding Profession -- Part IV. Finale -- Chapter 10. Representational Conventions and Varieties of Operatic Madness: The Gap Between Dramaturgy and Diagnosis. 330 $aThis book explores the connection between melodrama and medicine from multiple perspectives. Neuroscientists study the relationship between opera and brain functioning in the light of new findings in the fields of neurophysiology, neuroimaging, cognitive science and neuro-musicology; clinicians investigate the therapeutic potential of music, especially in the field of treatment and rehabilitation of individuals with neurodegenerative diseases; medical historians analyse the representation of diseases and those who cure diseases within operas; occupational doctors report descriptions of diseases that affect workers in the opera world and particularly focus on psychiatric and psychological alterations. Opera, with its instrumental and vocal accompaniment, is considered the most complete form of theatrical performance. However, little is known about the mechanisms of brain activity under the influence of melodrama on singers, musicians, and listeners. The use of neuroimaging techniques has enabled a better understanding of the neuronal mechanisms and circuits involved during an opera performance. Over the past 20 years, melodrama has increasingly been used as a therapeutic approach in various neurological and neuropsychiatric pathologies, such as depression, cognitive impairment, and even coma. The book also discusses the ways in which melodrama affects professionals involved in music and interventions to reduce or alleviate occupational diseases, leading to improved health and higher life satisfaction. The ultimate goal is to improve therapeutic interventions in neurological diseases and professional disorders, relying on solid neuroscientific data. This book will be of great interest to neurologists, neurobiologists, psychiatrists, occupational doctors and therapists in music. 410 0$aNeurocultural Health and Wellbeing,$x2731-4472 606 $aNeurology 606 $aPsychiatry 606 $aNeurosciences 606 $aNeuropsychology 606 $aMedicine$xHistory 606 $aMusic 606 $aNeurology 606 $aPsychiatry 606 $aNeuroscience 606 $aNeuropsychology 606 $aHistory of Medicine 606 $aClassical Music 615 0$aNeurology. 615 0$aPsychiatry. 615 0$aNeurosciences. 615 0$aNeuropsychology. 615 0$aMedicine$xHistory. 615 0$aMusic. 615 14$aNeurology. 615 24$aPsychiatry. 615 24$aNeuroscience. 615 24$aNeuropsychology. 615 24$aHistory of Medicine. 615 24$aClassical Music. 676 $a700.19 702 $aLorusso$b Lorenzo 702 $aRiva$b Michele Augusto 702 $aSironi$b Vittorio Alessandro 801 0$bMiAaPQ 801 1$bMiAaPQ 801 2$bMiAaPQ 906 $aBOOK 912 $a9910746957503321 996 $aEffects of Opera Music from Brain to Body$93574337 997 $aUNINA